000 00776nam a22002177a 4500
999 _c75209
_d312486
003 OSt
005 20181218133908.0
008 130130s2017 su a f b 00| 0 ara d
020 _a9786038169889
040 _amu-in
_bara
082 0 4 _221
_a338.5
_bب م م
100 _aالبنا، محمد
_965083
245 1 0 _aمبادئ الإقتصاد الجزئي :
_cمحمد البنا.
_bمدخل علمي حديث /
246 _aMicroeconomics principles Recent Practical Approach /
250 _aط. 1.
260 _aجدة، السعودية :
_bخوارزم العلمية،
_c2017
_m1438
300 _a360 ص. :
_bجداول ؛
_c24 سم.
504 _aيشتمل علي قائمة ببليوجرافية.
650 4 _aالاقتصاد الجزئي
_965118
942 _cBOOK